| 000 | 00415nam a2200169Ia 4500 | ||
|---|---|---|---|
| 003 | LK-CoDNM | ||
| 005 | 20240731115549.0 | ||
| 008 | 010623t1873 xxu||||| |||| 00| 1 eng d | ||
| 040 |
_aLK-CoDNM _dLK-CoDNM _eLK-CoDNM |
||
| 041 | _aeng | ||
| 080 |
_a8 _bH16 |
||
| 100 | _aMuir,J. | ||
| 245 | _aOriginal Sanskrit Texts | ||
| 260 |
_bTrubner and Company _aLondon _c1873 |
||
| 300 | _bxix, 525p. : 20 cm | ||
| 942 | _cBK | ||
| 999 |
_c81816 _d81816 |
||